Entre amigos 3 : (Registro nro. 10005)

Detalles MARC
000 -LIDER
fixed length control field 01342nam a22003137a 4500
003 - IDENTIFICACDOR DE NÚMERO DE CONTROL
control field DO-SdBNP
005 - DATE AND TIME OF LATEST TRANSACTION
control field 20180307105744.0
008 - ELEMENTOS DE LONGITUD FIJA
fixed length control field 160505b 2014 dr a | 00| 0 spa d
020 ## - ISBN
International Standard Book Number 9789945190168 (libro)
020 ## - ISBN
International Standard Book Number 9789945190434 (1er. trimestre)
020 ## - ISBN
International Standard Book Number 9789945190441 (2do. trimestre)
020 ## - ISBN
International Standard Book Number 9789945190458 (3er. trimestre)
040 ## - FUENTE DE CATALOGACIÓN
Agencia que crea de manera original el registro BPMSU
Idioma de catalogación spa
Agencia que realiza la transcripción BPMSU
082 #4 - NÚMERO DE CLASIFICACIÓN DECIMAL DE DEWEY
Classification number xxx
Item number xxx
100 1# - ASIENTO PRINCIPAL -- NOMBRE PERSONAL
Nombre personal Sosa, Olga
245 10 - MENCIÓN DE TITULO
Título Entre amigos 3 :
Subtítulo educación inicial, versión script /
Mención de responsabilidad Olga Sosa ; dirección editorial Claudia Llibre ; ilustración Ruddy Núñez...[et al].
Nombre de la parte o sección de una obra Versión script
260 ## - PUBLICACIÓN, DISTRIBUCIÓN, ETC. (PIE DE IMPRENTA)
Lugar de publicación, distribución, etc Santo Domingo :
Nombre del editor, distribuidor, etc. Santillana,
Fecha de publicación, distribución, etc 2014.
300 ## - DESCRIPCIÓN FÍSICA
Extensión 186 p. :
Otros detalles físicos il. ;
Dimensiones 21 cm.
Material complementario + CD-ROOM, 3 libros de grafomotricidad
490 0# - MENCIÓN DE SERIES
Mención de serie Proyecto todos juntos
Volume/sequential designation 3 años
500 ## - NOTA GENERAL
Nota general Incluye guía didáctica y recursos didácticos para el profesorado.<br/><br/>
500 ## - NOTA GENERAL
Nota general Incluye libros de grafomotricidad, aprendo matemáticas y lectoescritura. <br/><br/>
500 ## - NOTA GENERAL
Nota general Este libro ha sido realizado de conformidad con el currículum vigente y ha sido sometido a la aprobación de la MINERD.<br/><br/>
700 12 - ASIENTO SECUNDARIO -- NOMBRE PERSONAL
Nombre personal Núñez, Ruddy,
Mención de responsabilidad il.
700 12 - ASIENTO SECUNDARIO -- NOMBRE PERSONAL
Nombre personal Llibre, Claudia,
Mención de responsabilidad dir. ed.
830 #0 - ASIENTO SECUNDARIO DE SERIE--TÍTULO UNIFORME
Nombre de la parte o sección de una obra 3 años
Título uniforme Proyecto todos juntos
942 ## - ADDED ENTRY ELEMENTS (KOHA)
Source of classification or shelving scheme Dewey Decimal Classification
Koha item type Libros
945 ## - INFORMACIÓN DE PROCESAMIENTO LOCAL
Información de procesamiento local Inventariado, 2018/ YL
956 ## - LOCAL ELECTRONIC LOCATION AND ACCESS (OCLC)
Nombre de host LOPEREZ
Número de acceso 10
Información de compresión BPMSU
Existencias
Withdrawn status Lost status Source of classification or shelving scheme Damaged status Not for loan Collection code Home library Current library Date acquired Source of acquisition Total Checkouts Full call number Barcode Date last seen Price effective from Koha item type Copy number
    Dewey Decimal Classification     Colección Escolar Biblioteca Pública Metropolitana Salomé Ureña Biblioteca Pública Metropolitana Salomé Ureña 05/05/2016 Donado por Santillana   xxx xxx BPMSU16050095 05/05/2016 05/05/2016 Libros  
    Dewey Decimal Classification     Colección Escolar Biblioteca Pública Metropolitana Salomé Ureña Biblioteca Pública Metropolitana Salomé Ureña 05/05/2016 Donado por Santillana   xxx xxx BPMSU16050096 05/05/2016 05/05/2016 Libros ej. 2
    Dewey Decimal Classification     Colección Escolar Biblioteca Pública Metropolitana Salomé Ureña Biblioteca Pública Metropolitana Salomé Ureña 05/06/2016 Donado por Santillana   xxx xxx BPMSU16050123 05/06/2016 05/06/2016 Libros e. 3, 1er. trimestre
    Dewey Decimal Classification     Colección Escolar Biblioteca Pública Metropolitana Salomé Ureña Biblioteca Pública Metropolitana Salomé Ureña 05/06/2016 Donado por Santillana   xxx xxx BPMSU16050124 05/06/2016 05/06/2016 Libros e. 4, 2do. trimestre
    Dewey Decimal Classification     Colección Escolar Biblioteca Pública Metropolitana Salomé Ureña Biblioteca Pública Metropolitana Salomé Ureña 03/07/2018 Donado por Santillana   xxx xxx BPMSU18030023 03/07/2018 03/07/2018 Libros e. 5, 3er. trimestre